| 000 | 01167njm a22002777a 4500 | ||
|---|---|---|---|
| 005 | 2010090909289.0 | ||
| 006 | a|||||r|||||00| 0 | ||
| 007 | sd ammalaaahaa | ||
| 008 | 100909t xxu||||| |||| 00| 0 eng d | ||
| 028 |
_aN.55310 _bHis Master's Voice |
||
| 035 | _aGR-01628 | ||
| 040 |
_aSED _cSED |
||
| 100 |
_917690 _aEmkay |
||
| 245 |
_aAman / _cby Emkay Productions; sung by Mohd.Rafi & Chorus; music by Shanker Jaikishan; lyric by Hasrat Jaipuri _h[Sound Recording] : |
||
| 246 | _aअमन / | ||
| 260 |
_aDum Dum India _bHis Master's Voice _c1966 |
||
| 300 |
_a1 sound disc (Gramophone Recording) _banalog, 33 1/3 rpm _c9.5 in. (MP) _fGramophone Record |
||
| 500 | _aBrief Record | ||
| 505 | _aSide-1 ऐ हुस्न पारी चेहरा (Ae Hoosn Pari Chehra) (Mohd.Rafi) -- Side-2 अमन का फरिस्ता (Aman Ka Farista) (Mohd.Rafi & Chorus). | ||
| 650 |
_aClassical Music _xExcerpts _zIndia _917691 |
||
| 700 |
_aMohd.Rafi _919176 |
||
| 700 |
_aJaikishan, Shanker _919177 |
||
| 700 |
_aJaipuri, Hasrat _919178 |
||
| 942 |
_2ddc _cGR |
||
| 999 |
_c44824 _d44824 |
||